000 01000nam a2200265 a 4500
999 _c488
_d488
001 1594850
003 GZU
005 20200901144212.0
008 930902s1993 rh a b 000 0 eng
010 _a 93982134
020 _a0869225391
040 _aDLC
_cDLC
050 0 0 _aBT1102
_b.C65 1993
082 0 0 _a239
_220
100 1 _aCox, James L.
_q(James Leland)
245 1 0 _aChanging beliefs and an enduring faith :
_ba reformulation of Christian beliefs in response for five major obstacles for faith /
_cby James L. Cox.
260 _aGweru, Zimbabwe :
_bMambo Press,
_c1993.
300 _axi, 211 p. :
_bill. ;
_c21 cm.
440 0 _aReligious and theological studies series ;
_v2
504 _aIncludes bibliographical references (p. 198-201) and index.
650 0 _aApologetics.
906 _a7
_bcbc
_corignew
_d3
_encip
_f19
_gy-gencatlg
942 _2lcc
_cBK
_h1102
_iCOX
_kBT
_m1993